Former Countries on the World Map #1 - Statistics

General Stats
  • This quiz has been taken 89 times
  • The average score is 12 of 25
Answers on the Map
Answers color-coded by a green-red scale on the quiz's map according to % correct below.
 
Answer Stats
Answer % Correct
Mongol Empire
91%
Scotland
84%
Korean Empire
83%
Newfoundland
82%
Tibet
79%
Czechoslovakia
78%
Kingdom of Egypt
75%
Catalan Republic
70%
Gran Colombia
61%
Mali Empire
61%
Aztec Empire
58%
South Yemen
55%
North Vietnam
49%
Mayan Empire
44%
Sweden-Norway
44%
Confederacy
36%
Serbia and Montenegro
36%
Crete
23%
Zulu Empire
23%
Danzig
22%
Sikkim
22%
Zanzibar
17%
Tatarstan
13%
South Peru
6%
Transvaal
6%
No matching quizzes found
Score Distribution
Percent of People with Each Score
Percentile by Number Answered
Your Score History
You have not taken this quiz